000 00831nam a2200241Ia 4500
003 OSt
005 20220923224110.0
006 a|||||r|||| 00| 0
007 ta
008 220922b |||||||| |||| 00| 0 hin d
024 _a225,626
037 _cTextual
040 _aARTS
_cARTS
_bhin
041 _2hin
_ahin
082 _aO152,3M80:g, P0
100 _aवाजपेयी, नन्ददुलारे
_9156285
245 0 _aप्रेमचन्द
_b साहित्यिक विवेचन
246 _aPremachanda: sāhityik vivechana
260 _aनयी दिल्ली
_b राजकमल प्रकाशन
_c2000
300 _a140पृ.
_ccm.
942 _hO152,3M80:g, P0
_cTEXL
_2CC
999 _c369218
_d369218